[Event "Wch U20 53rd"]
[Site "Pune"]
[Date "2014.10.11"]
[Round "6"]
[White "Krishna Teja, N."]
[Black "Fisher, William"]
[Result "0-1"]
[WhiteElo "2049"]
[BlackElo "2313"]
[PlyCount "80"]
[EventDate "2014.10.06"]
[EventType "swiss"]
[EventRounds "13"]
[EventCountry "IND"]
[SourceTitle "EXT 2015"]
[Source "ChessBase"]
[SourceDate "2014.11.20"]
[SourceVersion "1"]
[SourceVersionDate "2014.11.20"]
[SourceQuality "1"]

1. Nf3 d5 2. c4 c6 3. e3 Nf6 4. d4 Bf5 5. Bd3 Bxd3 6. Qxd3 e6 7. 0-0 Be7 8. Nc3 0-0 9. e4 dxe4 10. Nxe4 c5 11. Nc3 cxd4 12. Qxd4 Nc6 13. Qxd8 Rfxd8 14. Bg5 h6 15. Bxf6 Bxf6 16. Ne4 Bxb2 17. Rab1 Bd4 18. Rxb7 Bb6 19. c5 Na5 20. Re7 Kf8 21. Rxf7+ Kxf7 22. cxb6 axb6 23. g3 Nc4 24. Rc1 b5 25. Rb1 Ra3 26. Kg2 Rdd3 27. Ne1 Rd4 28. Nc5 Rxa2 29. Rxb5 Rb2 30. Nb3 Rd1 31. Nf3 Rdb1 32. Rc5 Ne3+ 33. Kh3 Rxb3 34. fxe3 Rxe3 35. Nd2 Ra1 36. Nc4 Re2 37. Rc7+ Kg6 38. Nd6 Rh1 39. Ne8 Rhxh2+ 40. Kg4 h5+ 0-1

[Event "Wch U18"]
[Site "Maribor"]
[Date "2012.11.18"]
[Round "11.11"]
[White "Fisher, William"]
[Black "Liu, Chang"]
[Result "1/2-1/2"]
[WhiteElo "2225"]
[BlackElo "2336"]
[PlyCount "107"]
[EventDate "2012.11.08"]
[EventType "swiss"]
[EventRounds "11"]
[EventCountry "SLO"]
[SourceTitle "EXT 2013"]
[Source "ChessBase"]
[SourceDate "2012.11.22"]
[SourceVersion "1"]
[SourceVersionDate "2012.11.22"]
[SourceQuality "1"]

1. d4 Nf6 2. c4 g6 3. Nc3 Bg7 4. e4 d6 5. Nf3 0-0 6. Be2 c5 7. 0-0 cxd4 8. Nxd4 Nc6 9. Be3 Nxd4 10. Bxd4 Bd7 11. Qd2 Bc6 12. Rad1 a5 13. Qe3 Nd7 14. Bxg7 Kxg7 15. Nd5 Bxd5 16. Rxd5 Qc7 17. Rfd1 Rfc8 18. b3 a4 19. h4 axb3 20. axb3 Nf6 21. Rb5 Ra5 22. Rxa5 Qxa5 23. Bf3 Rc5 24. g4 h6 25. Be2 Re5 26. f3 g5 27. hxg5 hxg5 28. Kg2 Rc5 29. Rh1 Qa2 30. b4 Re5 31. Rd1 Nh7 32. Kf2 Nf8 33. Qc3 Qa7+ 34. c5 Ng6 35. Ra1 Qb8 36. cxd6 Qxd6 37. Ra8 Qb6+ 38. Kf1 Qf6 39. Rb8 b6 40. Kf2 Re6 41. Qxf6+ Kxf6 42. Rb7 Rd6 43. Bb5 e6 44. Be2 Rc6 45. Ke3 Nf4 46. Bf1 Rd6 47. Be2 Ng6 48. Bb5 Ne5 49. Rb8 Ng6 50. Rb7 Ne5 51. Rb8 Kg6 52. Be2 Kg7 53. Bb5 Kf6 54. Rb7 1/2-1/2

[Event "Wch U18"]
[Site "Maribor"]
[Date "2012.11.11"]
[Round "4.27"]
[White "Fisher, William"]
[Black "Petrosyan, Tigran S"]
[Result "1-0"]
[WhiteElo "2225"]
[BlackElo "2378"]
[PlyCount "93"]
[EventDate "2012.11.08"]
[EventType "swiss"]
[EventRounds "11"]
[EventCountry "SLO"]
[SourceTitle "EXT 2013"]
[Source "ChessBase"]
[SourceDate "2012.11.22"]
[SourceVersion "1"]
[SourceVersionDate "2012.11.22"]
[SourceQuality "1"]

1. d4 d5 2. c4 c6 3. cxd5 cxd5 4. Nc3 Nf6 5. Bf4 Nc6 6. e3 a6 7. Bd3 g6 8. Nf3 Bg7 9. 0-0 0-0 10. Rb1 Bf5 11. Bxf5 gxf5 12. b4 Rc8 13. Na4 b5 14. Nc5 Ne4 15. Qd3 a5 16. a3 axb4 17. axb4 e6 18. Rfc1 Na7 19. Ra1 Nxc5 20. bxc5 Qd7 21. Rcb1 Qb7 22. Ra5 b4 23. Ra6 Nc6 24. Rb6 Qd7 25. Qb5 f6 26. Bd6 Rf7 27. Ra1 Bf8 28. Bxf8 Kxf8 29. Raa6 Nd8 30. Qxb4 Qe8 31. Ne1 Nc6 32. Qa4 Rfc7 33. Nd3 Kf7 34. f3 Nb8 35. Qxe8+ Rxe8 36. Ra4 Nc6 37. Kf2 Ke7 38. Raa6 Rec8 39. Nf4 Kf7 40. Kg3 Nb8 41. Ra8 Nc6 42. Rxc8 Rxc8 43. Kh4 Nd8 44. Kh5 Ke7 45. Kh6 Ra8 46. Kxh7 Ra3 47. h4 1-0

[Event "USA tt"]
[Site "ICC INT"]
[Date "2012.10.31"]
[Round "9"]
[White "Gelashvili, Tamaz"]
[Black "Fisher, William"]
[Result "1/2-1/2"]
[WhiteElo "2578"]
[BlackElo "2225"]
[PlyCount "109"]
[EventDate "2012.09.04"]
[EventType "team-tourn"]
[EventRounds "10"]
[EventCountry "USA"]
[SourceTitle "EXT 2013"]
[Source "ChessBase"]
[SourceDate "2012.11.22"]
[SourceVersion "1"]
[SourceVersionDate "2012.11.22"]
[SourceQuality "1"]
[WhiteTeam "New York"]
[BlackTeam "Philadelphia"]
[WhiteTeamCountry "USA"]
[BlackTeamCountry "USA"]

1. e4 e5 2. Bc4 Nf6 3. d3 Nc6 4. Nf3 Bc5 5. c3 0-0 6. Nbd2 d5 7. Bb3 Bg4 8. h3 Bh5 9. Qe2 dxe4 10. dxe4 Qe7 11. Nf1 Bg6 12. Ng3 Na5 13. Bc2 Bb6 14. Nh4 Rfd8 15. Nhf5 Qe6 16. 0-0 c5 17. Bg5 h6 18. Bh4 c4 19. b4 cxb3 20. axb3 Nc6 21. b4 Ne7 22. Bb3 Qxb3 23. Nxe7+ Kf8 24. Bxf6 gxf6 25. Nd5 Rxd5 26. exd5 Qxc3 27. Ne4 Qxb4 28. Nxf6 Bd4 29. Rad1 Rd8 30. Qg4 Kg7 31. Qh4 Qd6 32. Ng4 h5 33. Ne3 Qf6 34. Qg3 b5 35. h4 b4 36. f4 Qb6 37. fxe5 Bxe3+ 38. Kh1 b3 39. Rf6 Qc5 40. Rdf1 Rf8 41. e6 b2 42. Qe5 Kh6 43. g4 hxg4 44. exf7 b1Q 45. Rxb1 Kh7 46. Rxg6 Kxg6 47. Qe6+ Kh5 48. Qf5+ Kxh4 49. Kg2 Bc1 50. Qh7+ Kg5 51. Qg7+ Kh5 52. Qh7+ Kg5 53. Qg7+ Kh5 54. Qh7+ Kg5 55. Qg7+ 1/2-1/2

[Event "USA tt"]
[Site "ICC INT"]
[Date "2012.09.19"]
[Round "3"]
[White "Benjamin, Joel"]
[Black "Fisher, William"]
[Result "1/2-1/2"]
[WhiteElo "2530"]
[BlackElo "2225"]
[PlyCount "112"]
[EventDate "2012.09.04"]
[EventType "team-tourn"]
[EventRounds "10"]
[EventCountry "USA"]
[SourceTitle "CBM 150 Extra"]
[Source "ChessBase"]
[SourceDate "2012.10.19"]
[SourceVersion "1"]
[SourceVersionDate "2012.10.19"]
[SourceQuality "1"]
[WhiteTeam "New Jersey"]
[BlackTeam "Philadelphia"]
[WhiteTeamCountry "USA"]
[BlackTeamCountry "USA"]

1. e4 e5 2. Nf3 Nf6 3. Nxe5 d6 4. Nf3 Nxe4 5. Bd3 Nf6 6. h3 Be7 7. 0-0 0-0 8. Re1 Nc6 9. Bb5 a6 10. Bxc6 bxc6 11. Nd4 Bd7 12. Qf3 d5 13. d3 c5 14. Nf5 Bxf5 15. Qxf5 c6 16. Bg5 h6 17. Bh4 Re8 18. Nc3 Nd7 19. Bxe7 Rxe7 20. Qf4 Rxe1+ 21. Rxe1 Nf8 22. Qd2 Nd7 23. b3 Nf8 24. Na4 Nd7 25. Qf4 Qb8 26. Qxb8+ Rxb8 27. c4 d4 28. f4 g6 29. Kf2 Kf8 30. Kf3 Re8 31. Rxe8+ Kxe8 32. Nb2 Ke7 33. Nd1 Ke6 34. Nf2 h5 35. Ne4 f6 36. g3 Ke7 37. g4 hxg4+ 38. hxg4 f5 39. Ng3 Kf6 40. g5+ Ke7 41. Nf1 Kd6 42. Nd2 Kc7 43. Kf2 Kb6 44. Nf3 Ka5 45. a3 Kb6 46. Ke2 a5 47. Kd2 Kb7 48. Kc2 Kc7 49. Kb2 Kc8 50. Kc1 Kc7 51. Kd2 Kb7 52. Kc2 Kc7 53. Kd2 Kc8 54. Kc2 Kc7 55. Kd2 Kc8 56. Kc2 Kc7 1/2-1/2

[Event "USA-chA U20"]
[Site "Saint Louis"]
[Date "2012.07.12"]
[Round "4"]
[White "Xiong, Jeffery"]
[Black "Fisher, William"]
[Result "1-0"]
[WhiteElo "2206"]
[BlackElo "2226"]
[PlyCount "65"]
[EventDate "2012.07.11"]
[EventType "tourn"]
[EventRounds "7"]
[EventCountry "USA"]
[EventCategory "3"]
[SourceTitle "CBM 149 Extra"]
[Source "ChessBase"]
[SourceDate "2012.08.24"]
[SourceVersion "1"]
[SourceVersionDate "2012.08.24"]
[SourceQuality "1"]

1. e4 c6 2. d4 d5 3. exd5 cxd5 4. c4 dxc4 5. Bxc4 Qc7 6. Qb3 Be6 7. Na3 Bxc4 8. Nxc4 e6 9. Nf3 Nc6 10. 0-0 Nf6 11. Bg5 Nd5 12. Bh4 Nf4 13. Rfe1 Be7 14. Bg3 0-0 15. Re4 g5 16. h4 h6 17. hxg5 hxg5 18. Qe3 f5 19. Rxe6 Bf6 20. Bxf4 gxf4 21. Qb3 Kg7 22. Rae1 Rad8 23. d5 Rxd5 24. Ne3 Ra5 25. Nd5 Qd7 26. Nxf6 Rxf6 27. Qc3 Qd8 28. Ng5 Kg6 29. Rxf6+ Kxg5 30. Rfe6 Nd4 31. Re8 Qd5 32. Qc7 Ra6 33. Rd8 1-0

[Event "Philadelphia op 6th"]
[Site "Philadelphia"]
[Date "2012.04.04"]
[Round "1"]
[White "Fisher, William"]
[Black "Shankland, Samuel L"]
[Result "0-1"]
[WhiteElo "2196"]
[BlackElo "2580"]
[PlyCount "44"]
[EventDate "2012.04.04"]
[EventType "swiss"]
[EventRounds "9"]
[EventCountry "USA"]
[SourceTitle "CBM 147 Extra"]
[Source "ChessBase"]
[SourceDate "2012.04.24"]
[SourceVersion "1"]
[SourceVersionDate "2012.04.24"]
[SourceQuality "1"]

1. d4 Nf6 2. Nf3 g6 3. Nbd2 Bg7 4. e4 0-0 5. Bd3 d6 6. c3 Nc6 7. d5 Nb8 8. 0-0 c6 9. c4 b5 10. dxc6 bxc4 11. c7 Qxc7 12. Nxc4 Bb7 13. Qe2 Nbd7 14. Bd2 Nc5 15. Ba5 Qc8 16. e5 Nh5 17. Bd2 Nxd3 18. Qxd3 dxe5 19. Nfxe5 Rd8 20. Qc3 Ba6 21. Rfe1 Bxc4 22. Qxc4 Bxe5 0-1

[Event "Politiken Cup 33rd"]
[Site "Helsingor"]
[Date "2011.08.05"]
[Round "8"]
[White "Antonsen, Mikkel"]
[Black "Fisher, William"]
[Result "1-0"]
[WhiteElo "2471"]
[BlackElo "2178"]
[PlyCount "89"]
[EventDate "2011.07.30"]
[EventType "swiss"]
[EventRounds "10"]
[EventCountry "DEN"]
[SourceTitle "CBM 143 Extra"]
[Source "ChessBase"]
[SourceDate "2011.08.29"]
[SourceVersion "1"]
[SourceVersionDate "2011.08.29"]
[SourceQuality "1"]

1. d4 Nf6 2. c4 g6 3. Nc3 Bg7 4. e4 d6 5. f3 0-0 6. Nge2 c5 7. Be3 cxd4 8. Nxd4 Nc6 9. Be2 Nxd4 10. Bxd4 Nh5 11. Bxg7 Kxg7 12. Qd2 Be6 13. 0-0 Qa5 14. b3 g5 15. g3 Nf6 16. Kh1 Bh3 17. Rg1 Bd7 18. Qe3 h6 19. f4 Qc5 20. Qxc5 dxc5 21. Bf3 e5 22. Rad1 Bc6 23. Rd6 Ne8 24. Rd3 Nf6 25. Rgd1 g4 26. Bg2 exf4 27. gxf4 Nh5 28. Rf1 f6 29. Nd5 Rae8 30. h3 g3 31. a4 b6 32. Kg1 Kh8 33. Re3 Ba8 34. e5 fxe5 35. fxe5 Rxf1+ 36. Kxf1 Ng7 37. Rf3 Ne6 38. Rxg3 Nd4 39. Nf6 Bxg2+ 40. Kxg2 Rc8 41. Rg6 Nf5 42. Kf2 Rd8 43. h4 Rd2+ 44. Ke1 Rd8 45. h5 1-0

[Event "Politiken Cup 33rd"]
[Site "Helsingor"]
[Date "2011.07.31"]
[Round "2"]
[White "Bauder, Herbert"]
[Black "Fisher, William"]
[Result "0-1"]
[WhiteElo "1971"]
[BlackElo "2178"]
[PlyCount "52"]
[EventDate "2011.07.30"]
[EventType "swiss"]
[EventRounds "10"]
[EventCountry "DEN"]
[SourceTitle "CBM 143 Extra"]
[Source "ChessBase"]
[SourceDate "2011.08.29"]
[SourceVersion "1"]
[SourceVersionDate "2011.08.29"]
[SourceQuality "1"]

1. d4 d5 2. c4 c6 3. Nf3 Nf6 4. Nc3 e6 5. Bg5 dxc4 6. e4 b5 7. e5 h6 8. Bh4 g5 9. exf6 gxh4 10. Ne5 Qxf6 11. Be2 h3 12. g3 Nd7 13. Nxd7 Bxd7 14. 0-0 Bg7 15. Qc2 0-0-0 16. Rfe1 e5 17. Ne4 Qg6 18. dxe5 Bxe5 19. Nd6+ Kc7 20. Qxg6 fxg6 21. Nf7 Bxb2 22. Nxh8 Bxa1 23. Nxg6 Bb2 24. Nf4 c3 25. Nd3 Bf5 26. Kf1 Bxd3 0-1

[Event "North American-ch U16"]
[Site "Montreal"]
[Date "2010.08.16"]
[Round "2"]
[White "Kleinman, Michael"]
[Black "Fisher, William"]
[Result "1-0"]
[WhiteElo "2206"]
[BlackElo "2165"]
[PlyCount "90"]
[EventDate "2010.08.16"]
[EventType "swiss"]
[EventRounds "7"]
[EventCountry "CAN"]
[SourceTitle "EXT 2013"]
[Source "ChessBase"]
[SourceDate "2012.11.22"]
[SourceVersion "1"]
[SourceVersionDate "2012.11.22"]
[SourceQuality "1"]

1. e4 d6 2. d4 Nf6 3. Nc3 g6 4. Be3 Bg7 5. Bd3 Nc6 6. h3 e5 7. Nf3 exd4 8. Nxd4 Bd7 9. Qd2 Nb4 10. Be2 Qe7 11. Bf3 0-0-0 12. 0-0-0 Kb8 13. Rhe1 h5 14. Bg5 Qe5 15. Bf4 Qxf4 16. Qxf4 Bh6 17. Qxh6 Rxh6 18. e5 dxe5 19. Rxe5 Rhh8 20. a3 Na6 21. Be2 c5 22. Nb3 Bc6 23. Bxa6 Rxd1+ 24. Nxd1 bxa6 25. Ne3 Nd7 26. Re7 Rf8 27. Na5 Kc7 28. Nxc6 Kxc6 29. c4 Kd6 30. Nd5 a5 31. Re4 f5 32. Re2 Nb6 33. Nxb6 axb6 34. Kc2 g5 35. Kb3 g4 36. h4 Kd7 37. Ka4 Rf7 38. Kb5 Rf6 39. Re5 Kd8 40. Re2 Rh6 41. Ka6 Kd7 42. Kb7 Rf6 43. Re3 Kd8 44. Re5 Kd7 45. Rd5+ Ke8 1-0

[Event "Philadelphia op"]
[Site "Philadelphia"]
[Date "2008.06.26"]
[Round "1"]
[White "Andrews, Todd D"]
[Black "Fisher, William"]
[Result "1-0"]
[WhiteElo "2311"]
[BlackElo "1556"]
[PlyCount "37"]
[EventDate "2008.06.26"]
[EventType "swiss"]
[EventRounds "9"]
[EventCountry "USA"]
[SourceTitle "CBM 125 Extra"]
[Source "ChessBase"]
[SourceDate "2008.09.01"]
[SourceVersion "1"]
[SourceVersionDate "2008.09.01"]
[SourceQuality "1"]

1. e4 c6 2. d4 d5 3. exd5 cxd5 4. c4 Nf6 5. Nc3 g6 6. cxd5 Bg7 7. Bb5+ Bd7 8. Bc4 0-0 9. Nf3 Bg4 10. h3 Bxf3 11. Qxf3 Qb6 12. 0-0 Qxd4 13. Bb3 Qb6 14. Re1 Qd8 15. Bg5 Nbd7 16. Rad1 Re8 17. d6 exd6 18. Ne4 h6 19. Bxf7+ 1-0